000 00393nam a22001457a 4500
008 200220b ||||| |||| 00| 0 eng d
020 _a9780198082163
082 _a005.43 HAU
100 _aHARWANI, B. M.
245 _aUNIX and Shell Programming
250 _a1st
_bFebruary 1, 2014
260 _aNew Delhi
_bOxford University Press
650 _aUNIX and Shell Programming
942 _2ddc
_cBK
999 _c8491
_d8491